000 00407nam a2200145Ia 4500
008 100122s9999 xx 000 0 und d
082 _b14241
_a823
100 _aमंत्री रमेश
245 _aमहानगर
260 _bमॅजेस्टिक बुक स्टॉल
_c1966
300 _a261
630 _aमहानगर
730 _aमहानगर
942 _cBOOK
999 _c404817
_d404814